ARRUPE JESUIT UNIVERSITY

CORONAVIRUS -STOP THE SPREAD - CLEAN,DISINFECT,COVER

Einstein's Clocks, Poincare's Maps : (Record no. 121745)

MARC details
000 -LEADER
fixed length control field 00648nam a22001937a 4500
008 - FIXED-LENGTH DATA ELEMENTS--GENERAL INFORMATION
fixed length control field 150116b xxu||||| |||| 00| 0 eng d
020 ## - INTERNATIONAL STANDARD BOOK NUMBER
International Standard Book Number 0393326047
050 ## - LIBRARY OF CONGRESS CALL NUMBER
Classification number QB209.G35 2003
100 ## - MAIN ENTRY--PERSONAL NAME
Personal name Galison, Peter
9 (RLIN) 14164
245 ## - TITLE STATEMENT
Title Einstein's Clocks, Poincare's Maps :
Remainder of title Empire of Time/
Statement of responsibility, etc Peter Galison.
260 ## - PUBLICATION, DISTRIBUTION, ETC. (IMPRINT)
Place of publication, distribution, etc New York:
Name of publisher, distributor, etc W.W. Norton and Company,
Date of publication, distribution, etc 2003
300 ## - PHYSICAL DESCRIPTION
Extent 389p. ;
Dimensions 21 cm
500 ## - GENERAL NOTE
General note Includes bibliographical references and index.
600 ## - SUBJECT ADDED ENTRY--PERSONAL NAME
Personal name Einstein, Albert
Dates associated with a name 1879-1955
9 (RLIN) 14165
600 ## - SUBJECT ADDED ENTRY--PERSONAL NAME
Personal name Poincare, Henri
Dates associated with a name 1854-1912
9 (RLIN) 14166
650 ## - SUBJECT ADDED ENTRY--TOPICAL TERM
Topical term or geographic name as entry element Time
9 (RLIN) 14167
650 ## - SUBJECT ADDED ENTRY--TOPICAL TERM
Topical term or geographic name as entry element Relativity (Physics)
9 (RLIN) 10646
942 ## - ADDED ENTRY ELEMENTS (KOHA)
Source of classification or shelving scheme Library of Congress Classification
Item type Monograph ( Printed materials)
Holdings
Withdrawn status Lost status Source of classification or shelving scheme Damaged status Not for loan Collection code Home library Current library Shelving location Date acquired Total Checkouts Full call number Barcode Date last seen Price effective from Koha item type
    Library of Congress Classification     Main Collection ARRUPE LIBRARY ARRUPE LIBRARY Main Collection 16/01/2015   QB209.G35 2003 46500000243 02/07/2019 16/01/2015 Monograph ( Printed materials)

 

Arrupe Library. PO Box MP320 Mt Pleasant, Harare, Zimbabwe
263 242 745411|librarian@aju.ac.zw